000 00619nam a2200205Ia 4500
005 20250326144208.0
008 250326s9999 xx 000 0 und d
020 _a0-7432-0040-3
037 _aTextbook
040 _aFMSL
_beng
_cFMSL
041 _aeng
_2eng
084 _aX:74 P0
_qFMSL
100 _aLynch Peter Au.
_9749225
245 0 _aOne up on wall street-How to use what you already knowto make money in other market
_cLynch Peter Au.
260 _aN.Y
_bN.Y, Simon and schuster
_c1989
300 _a304p
365 _b355.07499999999999
942 _cTB
_hX:74 P0
999 _c1302745
_d1302745